Gaming Quiz

Random Gaming Quiz
Score 0/60 Timer 10:00
0 Plays Today
Room % Correct
The Bathroom
86.9%
Master Bedroom
77.4%
The Kitchen
76.2%
The Banyan Tree
73.8%
We must perform a Quirkafleeg
71.4%
The Off Licence
70.2%
The Chapel
70.2%
The Attic
70.2%
The Yacht
70.2%
The Drive
69%
Orangery
69%
Entrance to Hades
67.9%
The Nightmare Room
65.5%
The Beach
64.3%
Swimming Pool
63.1%
Nomen Luni
61.9%
The Front Door
57.1%
The Hall
56%
Cold Store
56%
Under the Drive
56%
Back Door
56%
Top Landing
54.8%
West Wing
54.8%
Out on a Limb
53.6%
Up on the Battlements
53.6%
Tool Shed
53.6%
On the Roof
51.2%
The Bridge
50%
The Forgotten Abbey
50%
Dr Jones will never believe this
50%
Room % Correct
West of Kitchen
48.8%
Priests' Hole
48.8%
Rescue Esmerelda
47.6%
Ballroom East
47.6%
Ballroom West
47.6%
The Wine Cellar
47.6%
The Bow
45.2%
To the Kitchens / Main Stairway
44%
First Landing
44%
The Security Guard
42.9%
Tree Top
42.9%
Emergency Generator
42.9%
Conservatory Roof
41.7%
Tree Root
40.5%
Under the MegaTree
39.3%
Halfway up the East Wall
39.3%
I'm sure I've seen this before..
38.1%
On top of the house
38.1%
Watch Tower
38.1%
At the Foot of the MegaTree
35.7%
Cuckoo's Nest
35.7%
Inside the MegaTrunk
34.5%
East Wall Base
34.5%
A bit of tree
34.5%
On a Branch Over the Drive
33.3%
West Wing Roof
33.3%
Under the Roof
29.8%
Back Stairway
29.8%
West Bedroom
28.6%
Above the West Bedroom
25%
Remove Ads.
Support Sporcle.
Get the best of Sporcle when you Go Orange. This ad-free experience offers more features, more stats, and more fun while also helping to support Sporcle. Thank you for becoming a member.

You're not logged in!

Compare scores with friends on all Sporcle quizzes.
OR
Log In

Show Comments

Extras

Created Nov 7, 2010ReportNominate
Tags:Jet Aircraft, room, set, Willy

Top Quizzes Today


Score Distribution

Your Account Isn't Verified!

In order to create a playlist on Sporcle, you need to verify the email address you used during registration. Go to your Sporcle Settings to finish the process.

Report this User

Report this user for behavior that violates our Community Guidelines.

Details: